[Event "EYCC 2024 - G14"]
[Site "?"]
[Date "2024.08.30"]
[Round "8.1"]
[White "Zagorac, Lara"]
[Black "Castagnerol, Cerise"]
[Result "1-0"]
[BlackElo "1845"]
[WhiteElo "2012"]
[LiveChessVersion "1.4.8"]

1. d4 {[%clk 1:30:57]} d5 {[%clk 1:30:44]} 2. c4 {[%clk 1:31:17]} e6
{[%clk 1:30:57]} 3. Nf3 {[%clk 1:31:35]} Nf6 {[%clk 1:31:06]} 4. g3
{[%clk 1:31:55]} Bb4+ {[%clk 1:30:14]} 5. Bd2 {[%clk 1:32:12]} Be7
{[%clk 1:30:18]} 6. Qc2 {[%clk 1:32:31]} O-O {[%clk 1:29:50]} 7. Bg2
{[%clk 1:32:47]} c6 {[%clk 1:30:01]} 8. O-O {[%clk 1:33:03]} b6 {[%clk 1:30:03]}
9. b3 {[%clk 1:32:57]} Ba6 {[%clk 1:29:38]} 10. Rd1 {[%clk 1:28:57]} Nbd7
{[%clk 1:29:05]} 11. a4 {[%clk 1:13:19]} Qb8 {[%clk 1:18:23]} 12. Be1
{[%clk 1:03:21]} Rc8 {[%clk 1:15:17]} 13. Nbd2 {[%clk 1:00:52]} c5
{[%clk 1:09:52]} 14. e4 {[%clk 0:53:54]} Bb7 {[%clk 1:01:28]} 15. e5
{[%clk 0:47:50]} Ne4 {[%clk 0:57:45]} 16. Nxe4 {[%clk 0:36:52]} dxe4
{[%clk 0:56:49]} 17. Nd2 {[%clk 0:35:55]} cxd4 {[%clk 0:53:41]} 18. Nxe4
{[%clk 0:35:54]} Nxe5 {[%clk 0:50:45]} 19. Rxd4 {[%clk 0:33:29]} Bc5
{[%clk 0:44:17]} 20. Nxc5 {[%clk 0:30:21]} bxc5 {[%clk 0:42:23]} 21. Rh4
{[%clk 0:24:57]} h6 {[%clk 0:38:25]} 22. Bc3 {[%clk 0:18:42]} Nf3+
{[%clk 0:30:03]} 23. Bxf3 {[%clk 0:18:01]} Bxf3 {[%clk 0:29:50]} 24. Qd3
{[%clk 0:16:25]} Qb7 {[%clk 0:27:38]} 25. Rf4 {[%clk 0:16:04]} Bh5
{[%clk 0:26:07]} 26. Qe3 {[%clk 0:14:59]} Qc7 {[%clk 0:17:41]} 27. Bb2
{[%clk 0:12:03]} Rd8 {[%clk 0:15:42]} 28. Re1 {[%clk 0:08:57]} Qe7
{[%clk 0:10:05]} 29. Qe5 {[%clk 0:05:36]} Qg5 {[%clk 0:09:43]} 30. h4
{[%clk 0:04:49]} Qxe5 {[%clk 0:08:35]} 31. Rxe5 {[%clk 0:05:08]} Rd1+
{[%clk 0:07:27]} 32. Kg2 {[%clk 0:05:13]} Rb1 {[%clk 0:05:45]} 33. Rxh5
{[%clk 0:05:32]} Rxb2 {[%clk 0:06:06]} 34. Rxc5 {[%clk 0:06:00]} Rxb3
{[%clk 0:05:41]} 35. Rc7 {[%clk 0:06:12]} f5 {[%clk 0:06:03]} 36. Rd4
{[%clk 0:05:49]} Kh8 {[%clk 0:00:50]} 37. Rdd7 {[%clk 0:06:03]} Rg8
{[%clk 0:01:02]} 38. Rxa7 {[%clk 0:06:20]} f4 {[%clk 0:00:58]} 39. gxf4
{[%clk 0:03:31]} Rb4 {[%clk 0:01:01]} 40. Rdc7 {[%clk 0:03:04]} Rf8
{[%clk 0:00:58]} 41. Rxg7 {[%clk 0:02:48]} Rxf4 {[%clk 0:01:15]} 42. Rge7
{[%clk 0:02:13]} Rg4+ {[%clk 0:01:01]} 43. Kf3 {[%clk 0:02:02]} Rbxc4
{[%clk 0:00:57]} 44. Rxe6 {[%clk 0:01:31]} 1-0

[Event "EYCC 2024 - G14"]
[Site "?"]
[Date "2024.08.30"]
[Round "8.2"]
[White "Stara, Zuzana"]
[Black "Khairova, Evelina"]
[Result "1-0"]
[BlackElo "1717"]
[WhiteElo "2005"]
[LiveChessVersion "1.4.8"]

1. e4 {[%clk 1:30:59]} c6 {[%clk 1:30:55]} 2. d4 {[%clk 1:31:26]} d5
{[%clk 1:31:22]} 3. exd5 {[%clk 1:31:52]} cxd5 {[%clk 1:31:47]} 4. Bd3
{[%clk 1:32:18]} Nc6 {[%clk 1:32:12]} 5. c3 {[%clk 1:32:44]} e6 {[%clk 1:32:37]}
6. Bf4 {[%clk 1:33:10]} Bd6 {[%clk 1:32:58]} 7. Bxd6 {[%clk 1:33:36]} Qxd6
{[%clk 1:33:23]} 8. Nf3 {[%clk 1:33:55]} Nge7 {[%clk 1:32:25]} 9. O-O
{[%clk 1:34:20]} O-O {[%clk 1:30:36]} 10. Re1 {[%clk 1:34:38]} Bd7
{[%clk 1:29:53]} 11. Nbd2 {[%clk 1:34:35]} f6 {[%clk 1:26:17]} 12. b4
{[%clk 1:34:36]} a6 {[%clk 1:15:53]} 13. a4 {[%clk 1:34:34]} Rfe8
{[%clk 1:08:13]} 14. Qb1 {[%clk 1:33:51]} g6 {[%clk 1:01:35]} 15. h3
{[%clk 1:22:41]} Kf7 {[%clk 0:57:09]} 16. Nb3 {[%clk 1:13:02]} b6
{[%clk 0:50:12]} 17. Qc1 {[%clk 1:10:08]} h5 {[%clk 0:47:10]} 18. Qh6
{[%clk 0:56:51]} Rh8 {[%clk 0:43:45]} 19. Qe3 {[%clk 0:57:16]} g5
{[%clk 0:36:47]} 20. Nh2 {[%clk 0:34:39]} Nf5 {[%clk 0:27:26]} 21. Bxf5
{[%clk 0:32:35]} exf5 {[%clk 0:27:47]} 22. f4 {[%clk 0:23:50]} Rae8
{[%clk 0:25:05]} 23. Qf2 {[%clk 0:24:05]} g4 {[%clk 0:16:48]} 24. h4
{[%clk 0:23:33]} g3 {[%clk 0:14:54]} 25. Qxg3 {[%clk 0:23:49]} Ne7
{[%clk 0:14:06]} 26. Qf3 {[%clk 0:21:44]} Reg8 {[%clk 0:14:12]} 27. Kf2
{[%clk 0:18:32]} Rg7 {[%clk 0:09:51]} 28. g3 {[%clk 0:18:23]} Kf8
{[%clk 0:09:23]} 29. a5 {[%clk 0:17:24]} Rhg8 {[%clk 0:04:38]} 30. Nf1
{[%clk 0:17:18]} Bb5 {[%clk 0:03:54]} 31. axb6 {[%clk 0:13:01]} Bxf1
{[%clk 0:04:13]} 32. Rxf1 {[%clk 0:13:01]} Rg4 {[%clk 0:03:36]} 33. Nc5
{[%clk 0:10:34]} Ng6 {[%clk 0:03:06]} 34. b7 {[%clk 0:07:47]} Kg7
{[%clk 0:00:41]} 35. Rxa6 {[%clk 0:07:38]} Qb8 {[%clk 0:00:47]} 36. Ne6+
{[%clk 0:03:47]} Kh8 {[%clk 0:00:52]} 37. Qxd5 {[%clk 0:03:39]} Rxg3
{[%clk 0:00:43]} 38. Qxf5 {[%clk 0:01:56]} Rg2+ {[%clk 0:00:40]} 39. Ke1
{[%clk 0:01:52]} Nxf4 {[%clk 0:00:36]} 40. Qxf6+ {[%clk 0:01:35]} R8g7
{[%clk 0:00:33]} 41. Qxf4 {[%clk 0:00:40]} Qxb7 {[%clk 0:00:40]} 42. Qh6+
{[%clk 0:00:56]} Rh7 {[%clk 0:00:56]} 43. Rf8+ {[%clk 0:01:03]} Rg8
{[%clk 0:01:21]} 44. Rxg8+ {[%clk 0:01:29]} Kxg8 {[%clk 0:01:45]} 45. Qf8#
{[%clk 0:01:56]} 1-0

[Event "EYCC 2024 - G14"]
[Site "?"]
[Date "2024.08.30"]
[Round "8.3"]
[White "Koghuashvili, Tekla"]
[Black "Slivova, Linda"]
[Result "1-0"]
[BlackElo "1963"]
[WhiteElo "1805"]
[LiveChessVersion "1.4.8"]

1. d4 {[%clk 1:30:59]} d5 {[%clk 1:30:56]} 2. c4 {[%clk 1:31:24]} e6
{[%clk 1:31:21]} 3. Nf3 {[%clk 1:31:49]} Nf6 {[%clk 1:31:37]} 4. g3
{[%clk 1:32:12]} dxc4 {[%clk 1:32:00]} 5. Qa4+ {[%clk 1:32:26]} Nc6
{[%clk 1:32:17]} 6. Qxc4 {[%clk 1:32:43]} Qd5 {[%clk 1:32:25]} 7. Qxd5
{[%clk 1:31:48]} exd5 {[%clk 1:32:45]} 8. Bg2 {[%clk 1:27:57]} Nb4
{[%clk 1:32:03]} 9. Na3 {[%clk 1:27:58]} Bf5 {[%clk 1:29:31]} 10. Bf4
{[%clk 1:24:55]} c6 {[%clk 1:28:14]} 11. O-O {[%clk 1:24:56]} Be7
{[%clk 1:27:04]} 12. Nh4 {[%clk 1:23:16]} Bg6 {[%clk 1:21:09]} 13. Nxg6
{[%clk 1:20:33]} hxg6 {[%clk 1:21:25]} 14. Rfc1 {[%clk 1:20:13]} O-O
{[%clk 1:17:41]} 15. Nb1 {[%clk 1:19:06]} Ne4 {[%clk 1:08:17]} 16. h4
{[%clk 1:16:10]} Rac8 {[%clk 1:03:55]} 17. a3 {[%clk 1:13:09]} Na6
{[%clk 1:04:07]} 18. Bh3 {[%clk 1:09:02]} f5 {[%clk 1:01:46]} 19. f3
{[%clk 1:08:00]} Nd6 {[%clk 0:56:11]} 20. b4 {[%clk 1:06:11]} Nc7
{[%clk 0:46:07]} 21. Nd2 {[%clk 1:04:32]} Ne6 {[%clk 0:45:22]} 22. Be3
{[%clk 1:01:02]} Bf6 {[%clk 0:42:30]} 23. Nb3 {[%clk 0:59:14]} Rfe8
{[%clk 0:32:34]} 24. Bf2 {[%clk 0:54:34]} Rc7 {[%clk 0:27:41]} 25. a4
{[%clk 0:50:13]} a6 {[%clk 0:26:50]} 26. Ra2 {[%clk 0:48:26]} Rce7
{[%clk 0:19:56]} 27. Rd1 {[%clk 0:46:04]} g5 {[%clk 0:19:38]} 28. hxg5
{[%clk 0:43:29]} Nxg5 {[%clk 0:18:27]} 29. Bf1 {[%clk 0:43:50]} g6
{[%clk 0:15:29]} 30. Nc5 {[%clk 0:42:28]} Rh7 {[%clk 0:12:35]} 31. Nd3
{[%clk 0:41:43]} Kf7 {[%clk 0:12:00]} 32. Ne5+ {[%clk 0:38:46]} Kg7
{[%clk 0:10:07]} 33. Bg2 {[%clk 0:33:17]} Nh3+ {[%clk 0:10:12]} 34. Bxh3
{[%clk 0:33:16]} Rxh3 {[%clk 0:10:33]} 35. Kg2 {[%clk 0:33:27]} Reh8
{[%clk 0:07:46]} 36. Rg1 {[%clk 0:33:37]} Rh2+ {[%clk 0:06:57]} 37. Kf1
{[%clk 0:34:01]} Re8 {[%clk 0:07:01]} 38. Be3 {[%clk 0:30:01]} Bxe5
{[%clk 0:06:48]} 39. dxe5 {[%clk 0:30:24]} Nc4 {[%clk 0:06:24]} 40. Bd4
{[%clk 0:30:45]} Kf7 {[%clk 0:05:36]} 41. f4 {[%clk 0:30:57]} Ke6
{[%clk 0:04:02]} 42. Bf2 {[%clk 0:25:00]} Rd8 {[%clk 0:03:13]} 43. Bd4
{[%clk 0:24:13]} Rdh8 {[%clk 0:03:14]} 44. Ke1 {[%clk 0:23:05]} Rh1
{[%clk 0:02:50]} 45. Kf2 {[%clk 0:22:34]} R1h2+ {[%clk 0:02:19]} 46. Kf3
{[%clk 0:22:16]} b6 {[%clk 0:01:33]} 47. Rc2 {[%clk 0:20:53]} R8h7
{[%clk 0:01:08]} 48. Bxb6 {[%clk 0:20:25]} Rb7 {[%clk 0:00:52]} 49. Bc5
{[%clk 0:20:39]} Rhh7 {[%clk 0:00:54]} 50. e3 {[%clk 0:19:37]} Rh3
{[%clk 0:00:59]} 51. Rd1 {[%clk 0:19:12]} Rbh7 {[%clk 0:00:52]} 52. Rg2
{[%clk 0:18:00]} Rh1 {[%clk 0:00:44]} 53. Rxh1 {[%clk 0:17:06]} Rxh1
{[%clk 0:01:10]} 54. g4 {[%clk 0:17:05]} Rh3+ {[%clk 0:00:36]} 55. Ke2
{[%clk 0:17:06]} fxg4 {[%clk 0:00:38]} 56. Rxg4 {[%clk 0:17:30]} Kf7
{[%clk 0:00:37]} 57. Rg2 {[%clk 0:16:33]} Rh1 {[%clk 0:00:34]} 58. Kf3
{[%clk 0:15:39]} Ra1 {[%clk 0:00:54]} 59. a5 {[%clk 0:15:53]} Rc1
{[%clk 0:01:12]} 60. Rh2 {[%clk 0:14:59]} Kg7 {[%clk 0:01:36]} 61. Bd4
{[%clk 0:15:06]} Rf1+ {[%clk 0:01:44]} 62. Ke2 {[%clk 0:15:12]} Rb1
{[%clk 0:01:38]} 63. e6+ {[%clk 0:15:15]} Kf8 {[%clk 0:01:54]} 64. Bf6
{[%clk 0:14:51]} 1-0

[Event "EYCC 2024 - G14"]
[Site "?"]
[Date "2024.08.30"]
[Round "8.4"]
[White "Trunz, Tamila"]
[Black "Huseynli, Ayan"]
[Result "1/2-1/2"]
[BlackElo "1804"]
[WhiteElo "1962"]
[LiveChessVersion "1.4.8"]

1. e4 {[%clk 1:30:53]} e6 {[%clk 1:30:57]} 2. d4 {[%clk 1:31:17]} d5
{[%clk 1:31:22]} 3. Nc3 {[%clk 1:31:42]} Bb4 {[%clk 1:31:48]} 4. e5
{[%clk 1:32:04]} c5 {[%clk 1:32:15]} 5. a3 {[%clk 1:32:03]} Bxc3+
{[%clk 1:32:42]} 6. bxc3 {[%clk 1:32:24]} Qa5 {[%clk 1:33:10]} 7. Bd2
{[%clk 1:31:49]} Qa4 {[%clk 1:33:36]} 8. Qb1 {[%clk 1:31:20]} a6 {[%clk 1:32:52]}
9. Nf3 {[%clk 1:25:12]} Nc6 {[%clk 1:32:32]} 10. Qb3 {[%clk 1:21:17]} Qxb3
{[%clk 1:29:54]} 11. cxb3 {[%clk 1:21:29]} Na5 {[%clk 1:28:59]} 12. Rb1
{[%clk 1:20:58]} c4 {[%clk 1:28:07]} 13. bxc4 {[%clk 1:20:47]} dxc4
{[%clk 1:28:02]} 14. Bc1 {[%clk 1:07:29]} Bd7 {[%clk 1:26:45]} 15. Nd2
{[%clk 1:02:11]} Rc8 {[%clk 1:25:14]} 16. Ne4 {[%clk 0:59:20]} Rc7
{[%clk 1:21:54]} 17. Nd6+ {[%clk 0:59:00]} Kf8 {[%clk 1:20:45]} 18. Be2
{[%clk 0:58:09]} Ne7 {[%clk 1:16:47]} 19. Bg5 {[%clk 0:54:11]} h6
{[%clk 1:15:23]} 20. Bxe7+ {[%clk 0:54:04]} Kxe7 {[%clk 1:15:47]} 21. Rb6
{[%clk 0:49:51]} Rc6 {[%clk 1:13:20]} 22. Rb4 {[%clk 0:44:38]} b5
{[%clk 1:11:21]} 23. a4 {[%clk 0:42:42]} Rb8 {[%clk 1:08:48]} 24. O-O
{[%clk 0:40:10]} Rcb6 {[%clk 1:01:48]} 25. axb5 {[%clk 0:38:37]} axb5
{[%clk 0:58:07]} 26. Rfb1 {[%clk 0:37:44]} Nb3 {[%clk 0:53:53]} 27. Bd1
{[%clk 0:37:40]} Na5 {[%clk 0:54:13]} 28. Ba4 {[%clk 0:36:44]} Nc6
{[%clk 0:43:58]} 29. R4b2 {[%clk 0:27:09]} Na7 {[%clk 0:43:06]} 30. h3
{[%clk 0:25:48]} Ra6 {[%clk 0:42:28]} 31. Rb4 {[%clk 0:22:48]} Nc6
{[%clk 0:40:44]} 32. Rxb5 {[%clk 0:22:46]} Rxa4 {[%clk 0:25:36]} 33. Rxb8
{[%clk 0:22:57]} Nxb8 {[%clk 0:26:03]} 34. Rxb8 {[%clk 0:22:58]} Ra3
{[%clk 0:25:22]} 35. Nxc4 {[%clk 0:17:52]} Rxc3 {[%clk 0:25:38]} 36. Nd6
{[%clk 0:17:32]} Rd3 {[%clk 0:24:17]} 37. Rg8 {[%clk 0:17:15]} g6
{[%clk 0:23:12]} 38. Rg7 {[%clk 0:16:47]} Be8 {[%clk 0:23:17]} 39. Rg8
{[%clk 0:16:02]} Bd7 {[%clk 0:23:19]} 1/2-1/2

[Event "EYCC 2024 - G14"]
[Site "?"]
[Date "2024.08.30"]
[Round "8.5"]
[White "Toumpakari, Maria"]
[Black "Huseynova, Dinara"]
[Result "1-0"]
[BlackElo "1923"]
[WhiteElo "1774"]
[LiveChessVersion "1.4.8"]

1. e4 {[%clk 1:30:57]} Nf6 {[%clk 1:30:15]} 2. e5 {[%clk 1:31:10]} Nd5
{[%clk 1:30:37]} 3. d4 {[%clk 1:31:31]} d6 {[%clk 1:31:02]} 4. Nf3
{[%clk 1:31:53]} Bg4 {[%clk 1:31:23]} 5. Be2 {[%clk 1:32:16]} e6 {[%clk 1:31:13]}
6. O-O {[%clk 1:30:34]} Be7 {[%clk 1:30:56]} 7. c4 {[%clk 1:25:08]} Nb6
{[%clk 1:31:19]} 8. exd6 {[%clk 1:23:16]} cxd6 {[%clk 1:31:38]} 9. Be3
{[%clk 1:21:34]} O-O {[%clk 1:29:59]} 10. Nc3 {[%clk 1:18:26]} N8d7
{[%clk 1:28:25]} 11. b3 {[%clk 1:15:39]} Nf6 {[%clk 1:21:31]} 12. Rc1
{[%clk 1:03:48]} Rc8 {[%clk 1:15:52]} 13. Qd2 {[%clk 1:00:12]} a6
{[%clk 1:12:05]} 14. Rfd1 {[%clk 0:58:42]} Qc7 {[%clk 1:06:33]} 15. h3
{[%clk 0:52:16]} Bf5 {[%clk 1:03:51]} 16. d5 {[%clk 0:42:59]} exd5
{[%clk 0:55:08]} 17. Qd4 {[%clk 0:41:03]} Nbd7 {[%clk 0:48:06]} 18. Nh4
{[%clk 0:30:36]} Bg6 {[%clk 0:32:47]} 19. Nxg6 {[%clk 0:30:46]} hxg6
{[%clk 0:33:11]} 20. Nxd5 {[%clk 0:28:39]} Nxd5 {[%clk 0:32:00]} 21. Qxd5
{[%clk 0:26:48]} Nf6 {[%clk 0:30:13]} 22. Qd3 {[%clk 0:22:14]} Rfd8
{[%clk 0:27:06]} 23. Bf3 {[%clk 0:21:14]} Nd7 {[%clk 0:19:54]} 24. Qe4
{[%clk 0:17:42]} Ne5 {[%clk 0:16:38]} 25. Qxb7 {[%clk 0:16:56]} Nxf3+
{[%clk 0:16:17]} 26. Qxf3 {[%clk 0:17:21]} Qa5 {[%clk 0:15:51]} 27. Qb7
{[%clk 0:11:34]} Re8 {[%clk 0:12:05]} 28. Qb6 {[%clk 0:06:19]} Qxa2
{[%clk 0:09:50]} 29. Ra1 {[%clk 0:06:41]} Qc2 {[%clk 0:08:45]} 30. Rd2
{[%clk 0:05:36]} Qe4 {[%clk 0:08:00]} 31. Rxa6 {[%clk 0:03:12]} Rb8
{[%clk 0:08:10]} 32. Qc6 {[%clk 0:02:40]} Qb1+ {[%clk 0:08:34]} 33. Kh2
{[%clk 0:03:06]} Qxb3 {[%clk 0:06:21]} 34. Rb6 {[%clk 0:03:18]} Qc3
{[%clk 0:06:40]} 35. Rxb8 {[%clk 0:01:58]} Rxb8 {[%clk 0:06:36]} 36. Qc7
{[%clk 0:01:45]} Re8 {[%clk 0:06:55]} 37. Qd7 {[%clk 0:02:02]} Kf8
{[%clk 0:06:10]} 38. Rd4 {[%clk 0:01:57]} Rd8 {[%clk 0:05:51]} 39. Qc7
{[%clk 0:01:12]} Re8 {[%clk 0:01:37]} 40. Rd5 {[%clk 0:01:00]} Kg8
{[%clk 0:00:36]} 41. Qd7 {[%clk 0:00:54]} Kf8 {[%clk 0:00:50]} 42. Qc7
{[%clk 0:00:50]} Kg8 {[%clk 0:00:48]} 43. Bd4 {[%clk 0:01:13]} Qe1
{[%clk 0:00:48]} 44. Qd7 {[%clk 0:01:25]} Bf8 {[%clk 0:00:56]} 45. Be3
{[%clk 0:01:32]} Re4 {[%clk 0:00:35]} 46. Rb5 {[%clk 0:01:32]} Re7
{[%clk 0:00:33]} 47. Qd8 {[%clk 0:01:47]} f6 {[%clk 0:00:39]} 48. Rb8
{[%clk 0:02:09]} Rf7 {[%clk 0:00:37]} 49. Qxd6 {[%clk 0:02:29]} Qc3
{[%clk 0:00:35]} 50. Bc5 {[%clk 0:02:33]} Qxc4 {[%clk 0:00:00]} 51. Rxf8+
{[%clk 0:02:33]} 1-0

[Event "EYCC 2024 - G14"]
[Site "?"]
[Date "2024.08.30"]
[Round "8.6"]
[White "Markina, Sofiia"]
[Black "Kurnaz, Duru"]
[Result "1-0"]
[BlackElo "1624"]
[WhiteElo "1864"]
[LiveChessVersion "1.4.8"]

1. e4 {[%clk 1:30:57]} c5 {[%clk 1:30:55]} 2. Nc3 {[%clk 1:31:21]} Nc6
{[%clk 1:31:17]} 3. Bb5 {[%clk 1:31:43]} Nf6 {[%clk 1:24:54]} 4. Nf3
{[%clk 1:31:42]} a6 {[%clk 1:24:52]} 5. Bxc6 {[%clk 1:31:27]} bxc6
{[%clk 1:25:04]} 6. O-O {[%clk 1:30:38]} Qc7 {[%clk 1:14:40]} 7. d3
{[%clk 1:23:47]} e5 {[%clk 1:08:56]} 8. Bg5 {[%clk 1:20:49]} Be7 {[%clk 1:08:59]}
9. Re1 {[%clk 1:19:40]} h6 {[%clk 1:07:13]} 10. Bh4 {[%clk 1:19:07]} O-O
{[%clk 1:03:32]} 11. h3 {[%clk 1:14:53]} Bb7 {[%clk 1:01:49]} 12. Qd2
{[%clk 1:06:36]} Rfe8 {[%clk 0:58:01]} 13. Nd1 {[%clk 1:00:53]} d6
{[%clk 0:50:37]} 14. Ne3 {[%clk 0:56:52]} Nd7 {[%clk 0:35:56]} 15. Nf5
{[%clk 0:53:16]} Bxh4 {[%clk 0:36:06]} 16. N3xh4 {[%clk 0:53:34]} d5
{[%clk 0:34:34]} 17. Re3 {[%clk 0:52:21]} Nf6 {[%clk 0:28:03]} 18. Rg3
{[%clk 0:52:26]} Kf8 {[%clk 0:21:08]} 19. Rxg7 {[%clk 0:52:21]} Ng8
{[%clk 0:21:08]} 20. Ng6+ {[%clk 0:52:21]} 1-0

[Event "EYCC 2024 - G14"]
[Site "?"]
[Date "2024.08.30"]
[Round "8.7"]
[White "Wieczorek, Maja"]
[Black "Derlich, Sarah Sima"]
[Result "1/2-1/2"]
[BlackElo "1982"]
[WhiteElo "1818"]
[LiveChessVersion "1.4.8"]

1. e4 {[%clk 1:30:59]} c5 {[%clk 1:30:51]} 2. Nf3 {[%clk 1:31:25]} d6
{[%clk 1:31:13]} 3. d4 {[%clk 1:31:51]} cxd4 {[%clk 1:31:36]} 4. Nxd4
{[%clk 1:32:17]} Nf6 {[%clk 1:31:57]} 5. Nc3 {[%clk 1:32:41]} a6 {[%clk 1:32:23]}
6. Bg5 {[%clk 1:33:03]} Nbd7 {[%clk 1:32:45]} 7. f4 {[%clk 1:32:50]} Qc7
{[%clk 1:33:05]} 8. Qe2 {[%clk 1:32:51]} h6 {[%clk 1:30:00]} 9. Bxf6
{[%clk 1:20:15]} Nxf6 {[%clk 1:30:19]} 10. h3 {[%clk 1:18:37]} e5
{[%clk 1:24:44]} 11. Nf5 {[%clk 0:51:13]} Bxf5 {[%clk 1:09:07]} 12. exf5
{[%clk 0:50:55]} O-O-O {[%clk 1:09:16]} 13. O-O-O {[%clk 0:50:25]} Qc5
{[%clk 0:57:31]} 14. g4 {[%clk 0:29:55]} Re8 {[%clk 0:39:32]} 15. Bg2
{[%clk 0:21:10]} e4 {[%clk 0:33:08]} 16. g5 {[%clk 0:19:13]} hxg5
{[%clk 0:31:20]} 17. fxg5 {[%clk 0:19:10]} Nh5 {[%clk 0:29:39]} 18. Rd5
{[%clk 0:00:48]} Qb6 {[%clk 0:24:37]} 19. Qg4 {[%clk 0:00:33]} Qe3+
{[%clk 0:16:42]} 20. Kb1 {[%clk 0:01:01]} Nf4 {[%clk 0:12:52]} 21. Nd1
{[%clk 0:01:09]} Qe2 {[%clk 0:13:15]} 22. Qxe2 {[%clk 0:00:46]} Nxe2
{[%clk 0:13:42]} 23. Ne3 {[%clk 0:00:35]} Rh4 {[%clk 0:10:54]} 24. Rd2
{[%clk 0:00:33]} Ng3 {[%clk 0:09:39]} 25. Re1 {[%clk 0:00:47]} Rf4
{[%clk 0:08:34]} 26. a3 {[%clk 0:00:51]} Nxf5 {[%clk 0:08:14]} 27. Nxf5
{[%clk 0:00:42]} Rxf5 {[%clk 0:08:42]} 28. Bxe4 {[%clk 0:00:41]} Rfe5
{[%clk 0:08:28]} 29. Rde2 {[%clk 0:01:05]} Kc7 {[%clk 0:07:47]} 30. h4
{[%clk 0:00:45]} d5 {[%clk 0:06:17]} 31. Bf3 {[%clk 0:01:06]} Rxe2
{[%clk 0:06:36]} 32. Rxe2 {[%clk 0:01:27]} Rxe2 {[%clk 0:06:13]} 33. Bxe2
{[%clk 0:01:56]} Bc5 {[%clk 0:06:15]} 34. h5 {[%clk 0:01:22]} Be3
{[%clk 0:05:41]} 35. g6 {[%clk 0:01:38]} f6 {[%clk 0:05:44]} 36. c3
{[%clk 0:01:22]} Kd6 {[%clk 0:03:14]} 37. Kc2 {[%clk 0:01:04]} Ke5
{[%clk 0:02:29]} 38. Kd3 {[%clk 0:01:06]} Bh6 {[%clk 0:02:30]} 39. b3
{[%clk 0:01:18]} b6 {[%clk 0:01:09]} 40. a4 {[%clk 0:01:28]} Bg5 {[%clk 0:00:55]}
41. Bf3 {[%clk 0:01:28]} f5 {[%clk 0:00:48]} 42. Bg2 {[%clk 0:01:21]} Bf6
{[%clk 0:01:05]} 43. Bf3 {[%clk 0:01:07]} Kd6 {[%clk 0:00:45]} 44. Be2
{[%clk 0:01:11]} Be5 {[%clk 0:00:41]} 45. Kd2 {[%clk 0:00:53]} a5
{[%clk 0:00:48]} 46. Kd3 {[%clk 0:00:57]} Kc5 {[%clk 0:01:00]} 47. Bf3
{[%clk 0:01:21]} d4 {[%clk 0:00:39]} 48. c4 {[%clk 0:00:49]} Kb4 {[%clk 0:00:51]}
49. Bd1 {[%clk 0:01:04]} Ka3 {[%clk 0:00:48]} 50. Bc2 {[%clk 0:01:18]} Kb2
{[%clk 0:00:58]} 51. Bd1 {[%clk 0:01:06]} Bf6 {[%clk 0:01:02]} 52. Bc2
{[%clk 0:01:08]} f4 {[%clk 0:00:45]} 53. Bd1 {[%clk 0:01:05]} Kc1
{[%clk 0:00:45]} 54. Bf3 {[%clk 0:01:24]} Kb2 {[%clk 0:00:50]} 55. Bd1
{[%clk 0:01:33]} Kc1 {[%clk 0:00:39]} 56. Bf3 {[%clk 0:01:54]} Kb2
{[%clk 0:00:37]} 57. Bd1 {[%clk 0:01:05]} Kc1 1/2-1/2

[Event "EYCC 2024 - G14"]
[Site "?"]
[Date "2024.08.30"]
[Round "8.8"]
[White "Kozusnikova, Daniela"]
[Black "Mence, Eline"]
[Result "1-0"]
[BlackElo "1975"]
[WhiteElo "1804"]
[LiveChessVersion "1.4.8"]

1. e4 {[%clk 1:30:56]} c6 {[%clk 1:30:53]} 2. d4 {[%clk 1:31:20]} d5
{[%clk 1:31:17]} 3. exd5 {[%clk 1:31:46]} cxd5 {[%clk 1:31:38]} 4. Bd3
{[%clk 1:32:10]} Nc6 {[%clk 1:32:00]} 5. c3 {[%clk 1:32:35]} Nf6 {[%clk 1:32:23]}
6. h3 {[%clk 1:33:00]} g6 {[%clk 1:32:45]} 7. Nf3 {[%clk 1:33:25]} Bf5
{[%clk 1:32:56]} 8. Be2 {[%clk 1:33:50]} Qc7 {[%clk 1:32:50]} 9. O-O
{[%clk 1:31:30]} h6 {[%clk 1:24:30]} 10. Be3 {[%clk 1:27:12]} g5 {[%clk 1:22:47]}
11. Nh2 {[%clk 1:24:22]} e6 {[%clk 1:15:59]} 12. Re1 {[%clk 1:23:01]} Bd6
{[%clk 1:11:20]} 13. Nf1 {[%clk 1:21:14]} O-O-O {[%clk 0:57:46]} 14. Nbd2
{[%clk 1:16:42]} Rdg8 {[%clk 0:56:47]} 15. b4 {[%clk 1:12:07]} h5
{[%clk 0:54:51]} 16. b5 {[%clk 1:11:03]} Ne7 {[%clk 0:43:48]} 17. c4
{[%clk 1:08:35]} dxc4 {[%clk 0:37:51]} 18. Nxc4 {[%clk 1:01:19]} Ned5
{[%clk 0:29:34]} 19. Rc1 {[%clk 0:57:28]} Kb8 {[%clk 0:29:26]} 20. b6
{[%clk 0:48:57]} Nxb6 {[%clk 0:15:38]} 21. Nxb6 Qxb6 {[%clk 0:15:59]} 22. d5
{[%clk 0:44:48]} Qd8 {[%clk 0:15:28]} 23. Qd4 {[%clk 0:43:33]} b6
{[%clk 0:14:29]} 24. dxe6 {[%clk 0:41:36]} fxe6 {[%clk 0:12:00]} 25. Red1
{[%clk 0:39:12]} Nd5 {[%clk 0:09:48]} 26. Ba6 {[%clk 0:36:25]} Qe7
{[%clk 0:07:37]} 27. Bd2 {[%clk 0:23:15]} g4 {[%clk 0:03:00]} 28. h4
{[%clk 0:20:05]} g3 {[%clk 0:01:36]} 29. Nxg3 {[%clk 0:19:54]} Bxg3
{[%clk 0:01:33]} 30. fxg3 {[%clk 0:20:10]} Rh7 {[%clk 0:00:58]} 31. Qe5+
{[%clk 0:16:39]} Ka8 {[%clk 0:01:13]} 32. Bg5 {[%clk 0:15:43]} Qd7
{[%clk 0:00:50]} 33. Bc4 {[%clk 0:14:40]} Qb7 {[%clk 0:00:31]} 34. Bxd5
{[%clk 0:14:28]} exd5 {[%clk 0:00:55]} 35. Qxf5 {[%clk 0:14:31]} Rf7
{[%clk 0:00:59]} 36. Qxd5 {[%clk 0:14:32]} Rgf8 {[%clk 0:00:48]} 37. Qxb7+
{[%clk 0:12:27]} Kxb7 {[%clk 0:00:48]} 38. Rf1 {[%clk 0:12:27]} b5
{[%clk 0:00:59]} 39. Rxf7+ {[%clk 0:12:42]} Rxf7 {[%clk 0:01:24]} 40. Re1
{[%clk 0:11:48]} Kc6 {[%clk 0:01:00]} 41. Re7 {[%clk 0:11:54]} Rxe7
{[%clk 0:01:12]} 42. Bxe7 {[%clk 0:12:19]} Kd7 {[%clk 0:01:36]} 43. Bc5
{[%clk 0:12:24]} a5 {[%clk 0:01:55]} 44. Bb6 {[%clk 0:12:45]} a4 {[%clk 0:02:21]}
45. Bc5 {[%clk 0:13:12]} Ke6 {[%clk 0:02:38]} 46. Kf2 {[%clk 0:13:32]} Kd5
{[%clk 0:02:57]} 47. Bb4 {[%clk 0:13:58]} Ke4 {[%clk 0:03:21]} 48. a3
{[%clk 0:14:08]} Ke5 {[%clk 0:03:39]} 49. Ke3 {[%clk 0:14:25]} Kf5
{[%clk 0:04:04]} 50. Kd4 {[%clk 0:14:26]} Kg4 {[%clk 0:04:28]} 51. Bd6
{[%clk 0:14:41]} b4 {[%clk 0:04:12]} 52. axb4 {[%clk 0:15:01]} a3
{[%clk 0:04:36]} 53. Kc3 {[%clk 0:15:26]} 1-0